LIBRARY & INFORMATION CENTRE, KCAET, TAVANUR

ONLINE PUBLIC ACCESS CATALOGUE (OPAC)

Pocket hand book for solid liquid separations / (Record no. 4814)

MARC details
000 -LEADER
fixed length control field 00441cam a2200157ua 4500
041 ## - LANGUAGE CODE
Language code of text/sound track or separate title eng
082 ## - DEWEY DECIMAL CLASSIFICATION NUMBER
Classification number 660.2842
Item number CHE/PO
100 ## - MAIN ENTRY--AUTHOR NAME
Personal name Cheremisinoff, Nicholas P .
245 ## - TITLE STATEMENT
Title Pocket hand book for solid liquid separations /
260 ## - PUBLICATION, DISTRIBUTION, ETC. (IMPRINT)
Place of publication London :
Name of publisher Gulf Publishing Company ,
Year of publication 1984.
300 ## - PHYSICAL DESCRIPTION
Number of Pages 148 ; .
500 ## - GENERAL NOTE
General note ** Reference
942 ## - ADDED ENTRY ELEMENTS (KOHA)
Koha item type Books
Holdings
Withdrawn status Lost status Damaged status Home library Current library Date acquired Full call number Accession Number Koha item type
      KAUAET KAUAET 24/11/2021 660.2842 CHE/PO 20365 Books
free website counter